| 000 | 01124cam a2200313I 4500 | ||
|---|---|---|---|
| 001 | 4604785 | ||
| 003 | ARRUPE | ||
| 005 | 20160914120127.0 | ||
| 008 | 721211s1933 sz abf b 000 0 ger | ||
| 010 | _a34012279 | ||
| 035 | _a(OCoLC)ocm00511893 | ||
| 035 | _a(NNC)4604785 | ||
| 040 |
_aDLC _cOUN _dSER |
||
| 050 | 0 |
_aDT14 _b.F68 |
|
| 098 | _aMX11 | ||
| 100 | 1 |
_aFrobenius, Leo, _d1873-1938. _925828 |
|
| 245 | 1 | 0 |
_aKulturgeschichte Afrikas; _bProlegomena zu einer historischen Gestaltlehre ... |
| 260 |
_a[Zürich] _bPhaidon-Verlag _c[c1933] |
||
| 300 |
_a2 p. ., [3]-652 p. incl. front., illus., 164 pl. on 82 . _bmap. _c22 cm. |
||
| 500 | _a"1.-15. Tausend." | ||
| 500 | _a"Veröffentlichung des Forschungsinstituts für kulturmorphologie e. v., Frankfurt a.M." | ||
| 504 | _a"Ubersicht über die wichtigsten Schriften von Leo Frobenius": p. [433]-434. | ||
| 650 | 0 |
_aAfrica _xCivilization _xHistory _925829 |
|
| 650 | 0 |
_aArt, Primitive. _99543 |
|
| 650 | 0 |
_aLiterature, Primitive _925830 |
|
| 710 | 2 |
_aUniversität Frankfurt am Main. _bFrobenius-Institut. _925831 |
|
| 942 |
_2lcc _cMONOGRAPH |
||
| 999 |
_c125244 _d125244 |
||